| 000 | 00632nam a22001697a 4500 | ||
|---|---|---|---|
| 008 | 111019t xxu||||| |||| 00| 0 eng d | ||
| 040 |
_aBUAC _cCDIRSP |
||
| 041 | _aFr | ||
| 245 |
_aGuide reponsabilité sectorielle santé _b : guide pratique pour la création d'un groupe de responsabilité sectorielle santé au niveau national _c / Organisation Mondiale de la Santé |
||
| 260 |
_aGenève : _bIASC, _c2010 |
||
| 300 | _a192 p. | ||
| 500 | _aPublié avec CD-ROM | ||
| 650 |
_aSanté publique _919648 |
||
| 653 |
_aGroupe sectoriel _aResponsabilité _aGuide |
||
| 710 |
_aOrganisation Mondiale de la Santé _919649 |
||
| 942 | _cLIV | ||
| 999 |
_c49815 _d49815 |
||